000
00287nam a22001097a 4500
008
230620b xxu||||| |||| 00| 0 eng d
082
_a
327.34
_b
WIL
245
_a
Congress, The Executive, & Foreign Policy
260
_a
New York
_b
Harper & Row Publishers
300
_a
179p
942
_2
ddc
_c
BK
999
_c
1917
_d
1917